[Event "Najdorf Memorial"]
[Site "Warsaw POL"]
[Date "2015.07.16"]
[Round "7.35"]
[White "Wisniowska, Klaudia"]
[Black "Warakomska, Anna"]
[Result "1/2-1/2"]
[WhiteElo "2186"]
[BlackElo "2274"]
[Annotator ""]
[Source ""]
[Remark ""]

1.e4 c5 2.Nf3 e6 3.d4 cxd4 4.Nxd4 Nc6 5.Nc3 Qc7 6.Be3 a6 7.Be2
b5 8.a3 Bb7 9.O-O Nf6 10.f4 Bc5 11.e5 Qb6 12.Bf3 Bxd4 13.Bxd4
Nxd4 14.Bxb7 Nf5+ 15.Rf2 Qxb7 16.exf6 gxf6 17.Qd3 d5 18.Re2 O-O-O
19.b4 Rhg8 20.a4 d4 21.Ne4 Ne3 22.axb5 axb5 23.g3 f5 24.Nd2 h5
25.Ra5 Rd5 26.c3 Qc6 27.cxd4 Nc4 28.Nxc4 bxc4 29.Qa3 Rxa5 30.Qxa5
Qd5 31.Qc5+ Kd7 32.Qa7+ Ke8 33.Re5 Qd7 34.Qb8+ Qd8 35.Qb5+ Ke7
36.Qxc4 h4 37.Kf2 hxg3+ 38.hxg3 Rh8 39.Kg2 Qa8+ 40.d5 Qa1 41.Re2 1/2-1/2

[Event "MetLife Warsaw Najdorf Chess Festival  gr. A"]
[Site "Warszawa"]
[Date "2015.07.16"]
[Round "7.36"]
[White "Winiarski, Mikolaj"]
[Black "Hrabinska, Myroslava"]
[Result "0-1"]
[WhiteElo "2160"]
[BlackElo "2270"]
[Annotator ""]
[Source ""]
[Remark ""]

1.d4 d5 2.c4 e6 3.Nf3 Nf6 4.cxd5 exd5 5.Nc3 c6 6.Qc2 Na6 7.a3
Nc7 8.Bg5 Ne6 9.Bh4 Be7 10.e3 O-O 11.Bd3 g6 12.O-O Ng7 13.b4
a6 14.Rab1 Bf5 15.a4 Bxd3 16.Qxd3 Nf5 17.Bg5 Ne4 18.Bxe7 Qxe7
19.Nd2 Nxc3 20.Qxc3 Nd6 21.Qc5 Qd7 22.Rfc1 Rae8 23.Qc2 Qg4 24.Qd1
h5 25.h3 Qe6 26.Qf3 Kh7 27.Qf4 f6 28.Qf3 Kh6 29.Nf1 h4 30.Qg4
g5 31.Qxe6 Rxe6 32.Nd2 f5 33.Re1 Rfe8 34.Nf3 Nc4 35.Red1 Kh5
36.Kf1 g4 37.Nd2 Nd6 38.Rb3 g3 39.Nf3 Nc4 40.Rdd3 R6e7 41.Rdc3
f4 42.fxg3 hxg3 43.Ne5 Nxe3+ 44.Rxe3 fxe3 45.Rxe3 Rf8+ 46.Kg1
Rf4 47.Rxg3 Rxd4 48.Nd3 Re2 49.Nf2 Rxb4 50.Ng4 Re6 0-1

[Event "MetLife Warsaw Najdorf Chess Festival  gr. A"]
[Site "Warszawa"]
[Date "2015.07.16"]
[Round "7.37"]
[White "Grabinsky, Vladimir"]
[Black "Woloch, Oskar"]
[Result "0-1"]
[WhiteElo "2265"]
[BlackElo "2108"]
[Annotator ""]
[Source ""]
[Remark ""]

1.c4 c5 2.Nc3 Nc6 3.g3 g6 4.Bg2 Bg7 5.e3 e5 6.Nge2 Nge7 7.b3
O-O 8.Bb2 d6 9.O-O Rb8 10.d3 a6 11.Qd2 b5 12.Rad1 Qa5 13.Nd5
Qxd2 14.Nxe7+ Nxe7 15.Rxd2 Be6 16.Nc3 f5 17.Rc1 Kf7 18.cxb5 axb5
19.d4 e4 20.f3 cxd4 21.exd4 d5 22.Bf1 Bd7 23.Nd1 Rfc8 24.Ne3
Bf6 25.Bh3 exf3 26.Rf2 g5 27.g4 f4 28.Nf5 Nxf5 29.gxf5 h5 30.Bf1
Bxf5 31.Rxf3 Rc2 32.Ba1 Rxa2 33.Bc3 b4 34.Ra1 Rba8 0-1

[Event "MetLife Warsaw Najdorf Chess Festival  gr. A"]
[Site "Warszawa"]
[Date "2015.07.16"]
[Round "7.38"]
[White "Teclaf, Pawel"]
[Black "Warszawski, Bartosz"]
[Result "0-1"]
[WhiteElo "2235"]
[BlackElo "2233"]
[Annotator ""]
[Source ""]
[Remark ""]

1.e4 c5 2.Nf3 e6 3.d4 cxd4 4.Nxd4 Nc6 5.Nb5 d6 6.c4 Nf6 7.N5c3
Be7 8.Be2 O-O 9.O-O b6 10.Bf4 Bb7 11.Nd2 Ne5 12.Bg3 Ned7 13.Re1
a6 14.Bf1 Rc8 15.Rc1 Qc7 16.f4 Rfd8 17.e5 Ne8 18.Qg4 dxe5 19.fxe5
Nc5 20.Nde4 Nxe4 21.Nxe4 Rd4 22.Bf2 Qxe5 23.Bxd4 Qxd4+ 24.Nf2
Qxb2 25.Qe2 Qf6 26.Kh1 Nd6 27.Ng4 Qh4 28.Rc3 Ne4 29.Re3 f5 30.Ne5
Bc5 31.Rxe4 Bxe4 32.Rd1 Qf4 33.Nd3 Qe3 34.Nxc5 Qxe2 35.Bxe2 Rxc5
36.h3 Kf7 37.Rd6 Ra5 38.Rxb6 Rxa2 39.Bf1 Ra1 0-1

[Event "MetLife Warsaw Najdorf Chess Festival  gr. A"]
[Site "Warszawa"]
[Date "2015.07.16"]
[Round "7.39"]
[White "Bus, Konrad"]
[Black "Lach, Aleksandra"]
[Result "1-0"]
[WhiteElo "2108"]
[BlackElo "2227"]
[Annotator ""]
[Source ""]
[Remark ""]

1.d4 f5 2.e4 fxe4 3.Nc3 Nf6 4.Bg5 Nc6 5.d5 Ne5 6.Qe2 Nf7 7.Nh3
a6 8.O-O-O d6 9.Bxf6 exf6 10.Qxe4+ Qe7 11.Qh4 f5 12.Qa4+ Bd7
13.Bb5 g5 14.Rde1 Ne5 15.Bxd7+ Qxd7 16.Qxd7+ Kxd7 17.Nxg5 Bh6
18.h4 Bg7 19.Nd1 h6 20.Ne6 Bf6 21.Ne3 Rag8 22.g3 c6 23.Nxf5 cxd5
24.Nf4 Rc8 25.Rd1 Nc4 26.c3 d4 27.Nxd4 b5 28.Nd5 Bd8 29.Rhe1
Ne5 30.f4 Ng4 31.Ne6 Ba5 32.b4 Bxb4 33.Nb6+ Kc6 34.Nxc8 Ba3+
35.Kc2 Rxc8 36.Kb3 Bc5 37.Nxc5 Kxc5 38.Re6 Rc6 39.f5 d5 40.Rxc6+
Kxc6 41.Re1 1-0

[Event "Najdorf Memorial"]
[Site "Warsaw POL"]
[Date "2015.07.17"]
[Round "8.2"]
[White "Mista, Aleksander"]
[Black "Cheparinov, Ivan"]
[Result "0-1"]
[WhiteElo "2585"]
[BlackElo "2683"]
[Annotator ""]
[Source ""]
[Remark ""]

1.e4 c5 2.Nf3 d6 3.d4 cxd4 4.Nxd4 Nf6 5.Nc3 a6 6.Be2 e5 7.Nb3
Be7 8.Bg5 Be6 9.Bxf6 Bxf6 10.Qd3 Nc6 11.O-O-O Qb6 12.Rhf1 O-O
13.Kb1 Rfd8 14.Nd5 Bxd5 15.Qxd5 Ne7 16.Qa5 Qc6 17.Bf3 Rac8 18.c3
b5 19.Qb4 Qb6 20.Na5 Ng6 21.Rd5 Nf4 22.Rd2 Be7 23.g3 Ne6 24.Bg4
Re8 25.Rd5 Rb8 26.Nb3 Nc7 27.Rd2 a5 28.Qxa5 Qb7 29.Bd1 Ra8 30.Qb4
d5 31.Nc5 Qa7 32.Qb3 Bxc5 33.exd5 Bd6 34.Be2 Reb8 35.a3 Na6 36.Qc2
b4 37.Bxa6 Qxa6 38.Rfd1 bxc3 39.Qxc3 Bxa3 40.d6 Bxb2 41.Rxb2
Qa1+ 42.Kc2 Rxb2+ 43.Qxb2 Rc8+ 0-1

[Event "Najdorf Memorial"]
[Site "Warsaw POL"]
[Date "2015.07.17"]
[Round "8.3"]
[White "Zhigalko, Andrey"]
[Black "Krasenkow, Michal"]
[Result "0-1"]
[WhiteElo "2574"]
[BlackElo "2610"]
[Annotator ""]
[Source ""]
[Remark ""]

1.c4 c5 2.Nf3 Nf6 3.Nc3 d5 4.cxd5 Nxd5 5.e4 Nb4 6.Bb5+ N8c6 7.d4
cxd4 8.a3 dxc3 9.Qxd8+ Kxd8 10.axb4 cxb2 11.Bxb2 Bd7 12.O-O f6
13.e5 Nxe5 14.Nxe5 Bxb5 15.Nf7+ Ke8 16.Nxh8 Bxf1 17.Kxf1 e6 18.b5
a6 19.Re1 axb5 20.Rxe6+ Kd7 21.Re2 Bb4 22.Nf7 Rf8 23.Ne5+ fxe5
24.Rxe5 Kc6 25.Rh5 Bc5 26.f3 Ra8 27.Bxg7 Ra2 28.g4 b4 29.Rxh7
b3 30.g5 b2 31.Bxb2 Rxb2 32.h4 b5 33.Rh8 b4 34.Rc8+ Kb5 35.Rb8+
Bb6 36.g6 Rb1+ 37.Ke2 Rg1 0-1

[Event "Najdorf Memorial"]
[Site "Warsaw POL"]
[Date "2015.07.17"]
[Round "8.4"]
[White "Safarli, Eltaj"]
[Black "Kanarek, Marcel"]
[Result "1/2-1/2"]
[WhiteElo "2649"]
[BlackElo "2508"]
[Annotator ""]
[Source ""]
[Remark ""]

1.e4 c5 2.Nf3 e6 3.Nc3 Nc6 4.d4 cxd4 5.Nxd4 Qc7 6.g3 a6 7.Bg2
Nf6 8.O-O d6 9.Re1 Bd7 10.Nxc6 bxc6 11.Na4 Rb8 12.c4 c5 13.Nc3
Be7 14.b3 Bc6 15.f4 Nd7 16.Bb2 Bb7 17.Qg4 Bf6 18.Nd5 exd5 19.e5
Be7 20.e6 d4 21.Bxb7 Kf8 22.Bxa6 Nf6 23.Qe2 Rb6 24.Bb5 fxe6 25.Qxe6
d5 26.Qe2 Rxb5 27.cxb5 Ne4 28.Qh5 Qd7 29.Qe5 Kf7 30.Rxe4 Bf6
31.Qh5+ g6 32.Qf3 dxe4 33.Qxe4 Re8 34.Qd3 Re3 35.Qc4+ Kg7 36.Rf1
Qh3 37.Qc2 Qg4 38.Rf2 h5 39.f5 h4 40.Rf4 Qg5 41.Bc1 Rc3 42.Qd2
hxg3 43.Rf1 gxh2+ 44.Kh1 Qh4 45.Qg2 Rg3 46.Qb7+ Kg8 47.Qd5+ Kg7
48.Qd7+ Kg8 49.Qd5+ Kg7 50.Qb7+ Kg8 51.Qd5+ 1/2-1/2

[Event "Najdorf Memorial"]
[Site "Warsaw POL"]
[Date "2015.07.17"]
[Round "8.5"]
[White "Rozentalis, Eduardas"]
[Black "Piorun, Kacper"]
[Result "1/2-1/2"]
[WhiteElo "2530"]
[BlackElo "2591"]
[Annotator ""]
[Source ""]
[Remark ""]

1.e4 e5 2.Nf3 Nc6 3.Bb5 Nf6 4.d3 d6 5.O-O Bd7 6.Nc3 Be7 7.Ne2
a6 8.Bxc6 bxc6 9.Ng3 c5 10.c3 O-O 11.d4 cxd4 12.cxd4 exd4 13.Nxd4
Re8 14.Qf3 Ng4 15.Ndf5 Ne5 16.Nxe7+ Qxe7 17.Qc3 Qh4 18.b3 c5
19.Bb2 f6 20.Rad1 Nf7 21.Rfe1 a5 22.Bc1 a4 23.b4 cxb4 24.Qxb4
Be6 25.a3 Rab8 26.Qa5 Ra8 27.Qc3 Rac8 28.Qe3 Ne5 29.f3 f5 30.Qf4
Qxf4 31.Bxf4 fxe4 32.Nxe4 Bb3 33.Nxd6 Bxd1 34.Nxe8 Rxe8 35.Rxd1
Nc4 36.Rd4 Nxa3 37.Rxa4 Nb5 38.Rc4 Re6 39.h4 Kf7 40.h5 Na7 41.Rc7+
Re7 42.Rc5 Re6 43.Be5 Nc6 44.Bc3 Ne7 45.Rb5 Rc6 46.Be5 Re6 47.Kf2
h6 48.g4 Ng8 49.Kg3 Re7 50.Kf4 Ra7 51.Bd4 Rd7 52.Bb2 Nf6 53.Kf5
Rd5+ 54.Rxd5 Nxd5 55.Ke5 Ne7 56.Kd6 g5 57.Bd4 Nc8+ 58.Ke5 Ne7
59.Bc5 Nc6+ 60.Kf5 Nd8 61.Bd4 Nb7 62.Ke5 Na5 63.Kd5 Nb3 64.Be3
Kf6 65.Kc4 Na5+ 66.Kd5 Nb3 67.Bd4+ Nxd4 68.Kxd4 Ke6 69.Ke4 Kf6
70.Kd5 Kf7 71.Ke4 1/2-1/2

[Event "Najdorf Memorial"]
[Site "Warsaw POL"]
[Date "2015.07.17"]
[Round "8.6"]
[White "Tomczak, Jacek"]
[Black "Drozdowski, Kacper"]
[Result "1-0"]
[WhiteElo "2579"]
[BlackElo "2468"]
[Annotator ""]
[Source ""]
[Remark ""]

1.e4 c5 2.Nf3 e6 3.d4 cxd4 4.Nxd4 a6 5.Be2 Nf6 6.Nc3 Qc7 7.f4
Bb4 8.e5 Bxc3+ 9.bxc3 Qxc3+ 10.Qd2 Ne4 11.Qxc3 Nxc3 12.Bf3 Nb5
13.Nb3 Nc6 14.Be3 Na3 15.O-O-O Nc4 16.Bc5 b6 17.Bxc6 dxc6 18.Rd4
Ne3 19.Bxb6 O-O 20.Bc5 Re8 21.Re4 Nd5 22.c4 Nc3 23.Re3 Na4 24.Bd6
c5 25.Na5 Bd7 26.Rb3 Rec8 27.Kc2 Bc6 28.Nxc6 Rxc6 29.Rhb1 h5
30.Bb8 a5 31.Rb7 Raa6 32.Bc7 Ra8 33.Rb8+ Rxb8 34.Rxb8+ Kh7 35.Bd8 1-0

[Event "Najdorf Memorial"]
[Site "Warsaw POL"]
[Date "2015.07.17"]
[Round "8.7"]
[White "Neiksans, Arturs"]
[Black "Efimenko, Zahar"]
[Result "1/2-1/2"]
[WhiteElo "2597"]
[BlackElo "2652"]
[Annotator ""]
[Source ""]
[Remark ""]

1.Nf3 Nf6 2.c4 e6 3.g3 b6 4.Bg2 Bb7 5.O-O Be7 6.d4 O-O 7.Nc3
Ne4 8.Bd2 Nxd2 9.Qxd2 d6 10.d5 e5 11.e4 Nd7 12.Ne1 Bg5 13.Qc2
Bc8 14.Bh3 Nf6 15.Bxc8 Qxc8 16.Kg2 Nh5 17.Qe2 g6 18.Nd3 Ng7 19.Nb4
Qd7 20.Nc6 a6 21.f4 exf4 22.gxf4 Bh6 23.Qf3 Rae8 24.Rae1 Nh5
25.Ne2 Nf6 26.Ng3 Qg4 27.e5 Qxf3+ 28.Kxf3 dxe5 29.fxe5 Nd7 30.Re2
Bg7 31.Rfe1 Nb8 32.Nxb8 Rxb8 33.Nh1 Rbd8 34.Nf2 c6 35.dxc6 Rc8
36.Nd3 Rxc6 37.b3 b5 38.Nb4 Re6 39.c5 a5 40.Nd5 Rc8 41.Nf4 Rec6
42.e6 fxe6 43.Nxe6 Bf8 44.Rc1 Bxc5 45.Nxc5 Rxc5 46.Re8+ Rxe8
47.Rxc5 Rf8+ 48.Kg3 Rb8 49.a4 bxa4 50.bxa4 Ra8 51.h4 Ra7 52.h5
Kg7 53.hxg6 Kxg6 54.Kg4 Ra6 55.Kh4 Kf7 56.Kh5 1/2-1/2

[Event "Najdorf Memorial"]
[Site "Warsaw POL"]
[Date "2015.07.17"]
[Round "8.8"]
[White "Durarbayli, Vasif"]
[Black "Markowski, Tomasz"]
[Result "0-1"]
[WhiteElo "2630"]
[BlackElo "2566"]
[Annotator ""]
[Source ""]
[Remark ""]

1.e4 e6 2.d4 d5 3.Nd2 c5 4.Ngf3 Nf6 5.e5 Nfd7 6.c3 Be7 7.Bd3
b6 8.Qe2 a5 9.O-O Ba6 10.c4 Nc6 11.cxd5 Bxd3 12.Qxd3 exd5 13.dxc5
Nxc5 14.Qf5 Qc8 15.Qh5 h6 16.e6 Qxe6 17.Re1 Qd7 18.Ne5 Nxe5 19.Rxe5
Rd8 20.Nf1 Nd3 21.Re3 Nxc1 22.Rxc1 O-O 23.Rd1 Bg5 24.Red3 Qa4
25.b3 Qxa2 26.h4 Be7 27.Ne3 Bc5 28.Ng4 Rd6 29.Kh2 Rg6 30.Rf3
Qe2 31.Rxd5 Qe4 32.Rg3 Re8 33.Kh3 Qb1 34.Rd1 Qe4 35.Rd5 Kh7 36.Rf5
Re7 37.Rd5 Qb1 38.Rd1 Qc2 39.Rgd3 Qe2 40.R1d2 Qe6 41.Rf3 Qe1
42.Qd5 Qh1+ 43.Kg3 Bd6+ 44.Qxd6 Rxd6 45.Rxd6 Qc1 46.Rd5 Qc6 47.Rfd3
Qc7+ 48.Kf3 Re6 49.g3 Qc6 50.Ne3 Rd6 51.Ke2 Rxd5 52.Rxd5 Qc3
53.Rb5 Qc6 54.Rf5 Kg8 55.Kd2 b5 56.Rf4 a4 57.bxa4 bxa4 58.Rc4
Qf6 59.Rf4 Qb2+ 60.Nc2 a3 61.Rb4 Qf6 62.Rf4 Qd6+ 63.Kc3 Qc5+
64.Kb3 a2 65.Na1 g5 66.hxg5 hxg5 67.Rc4 Qxf2 68.Rc3 Kg7 69.Nc2
Qxc2+ 0-1

[Event "Najdorf Memorial"]
[Site "Warsaw POL"]
[Date "2015.07.17"]
[Round "8.9"]
[White "Volokitin, Andrei"]
[Black "Bajarani, Ulvi"]
[Result "0-1"]
[WhiteElo "2654"]
[BlackElo "2515"]
[Annotator ""]
[Source ""]
[Remark ""]

1.e4 e6 2.d4 d5 3.Nc3 Bb4 4.e5 c5 5.a3 Bxc3+ 6.bxc3 Qc7 7.Qg4
f5 8.Qg3 Nc6 9.Ne2 Kf7 10.h4 Nge7 11.h5 h6 12.Qf3 Qa5 13.Kd1
Qa4 14.Qf4 b6 15.Rb1 Ba6 16.Bb2 Rac8 17.g4 cxd4 18.gxf5 Nxf5
19.Ng3 Nce7 20.Bh3 Bd3 21.Qd2 Be4 22.Nxe4 dxe4 23.cxd4 Rhd8 24.Bxf5
Nxf5 25.Bc3 Qc4 26.Rb3 Nxd4 27.Qf4+ Kg8 0-1

[Event "Najdorf Memorial"]
[Site "Warsaw POL"]
[Date "2015.07.17"]
[Round "8.10"]
[White "Swiercz, Dariusz"]
[Black "Matuszewski, Michal"]
[Result "1/2-1/2"]
[WhiteElo "2634"]
[BlackElo "2471"]
[Annotator ""]
[Source ""]
[Remark ""]

1.e4 c5 2.Nf3 d6 3.d4 cxd4 4.Nxd4 Nf6 5.Nc3 a6 6.h3 e5 7.Nde2
h5 8.g3 Be6 9.Bg2 Nbd7 10.a4 Rc8 11.O-O Be7 12.b3 h4 13.g4 Qc7
14.Be3 O-O 15.a5 Nc5 16.Bg5 Nh7 17.Bxe7 Qxe7 18.Qd2 Rfd8 19.Rfd1
Ng5 20.Qe3 Nd7 21.Rd2 Re8 22.Na4 Rc6 23.c4 Qd8 24.Rad1 f6 25.Qc3
b5 26.axb6 Nxb6 27.Qb4 Qb8 28.Nac3 Nd7 29.Qa3 Rb6 1/2-1/2

[Event "Najdorf Memorial"]
[Site "Warsaw POL"]
[Date "2015.07.17"]
[Round "8.11"]
[White "Macieja, Bartlomiej"]
[Black "Warakomski, Tomasz"]
[Result "1/2-1/2"]
[WhiteElo "2586"]
[BlackElo "2449"]
[Annotator ""]
[Source ""]
[Remark ""]

1.e4 c5 2.Nf3 Nc6 3.Bb5 g6 4.Bxc6 dxc6 5.d3 Bg7 6.Nc3 Bg4 7.h3
Bxf3 8.Qxf3 e5 9.Be3 Qe7 10.g3 Nf6 11.Qg2 O-O 12.g4 c4 13.dxc4
Qb4 14.O-O-O Qxc4 15.Qf1 Qe6 16.Qd3 Rfc8 17.b3 Qe8 18.Qd6 b6
19.Kb1 Rd8 20.Qc7 Rdc8 21.Qd6 Rd8 22.Qc7 Rdc8 23.Qd6 1/2-1/2

[Event "Najdorf Memorial"]
[Site "Warsaw POL"]
[Date "2015.07.17"]
[Round "8.12"]
[White "Johannesson, Ingvar Thor"]
[Black "Dragun, Kamil"]
[Result "1/2-1/2"]
[WhiteElo "2372"]
[BlackElo "2586"]
[Annotator ""]
[Source ""]
[Remark ""]

1.d4 Nf6 2.c4 e6 3.Nc3 Bb4 4.Qc2 O-O 5.Nf3 d6 6.Bd2 c5 7.dxc5
dxc5 8.e3 Nc6 9.Bd3 h6 10.Rd1 Qe7 11.a3 Ba5 12.O-O Bc7 13.h3
b6 14.Ne4 Nd7 15.Bc3 Bb7 16.b3 Nce5 17.Nxe5 Nxe5 18.Bxe5 Bxe5
19.f4 Bc7 20.Nc3 Rad8 21.Be4 Bc8 22.Rxd8 Rxd8 23.Rd1 f5 24.Bf3
g5 25.Rxd8+ Qxd8 26.g3 gxf4 27.gxf4 Qh4 28.Qg2+ Kh7 29.Kh2 Bd7
30.Nb5 Bb8 31.Ba8 Qd8 32.Qd2 Qe7 33.Nc3 a6 34.Bh1 Be8 35.Qg2
Bc7 36.Qe2 Qh4 37.Qd2 Bd8 38.Na4 Bc7 39.Nc3 Kg7 40.Bg2 Kf8 41.Bf3
Qe7 42.Qe2 Qg7 43.Qd2 h5 44.a4 h4 45.Ne2 Ke7 46.Qc3 e5 47.Qe1
Qh6 48.Qd2 Bf7 49.Bg2 Bd6 50.fxe5 Bxe5+ 51.Nf4 Qf6 52.Qf2 Qg5
53.Bb7 a5 54.Bg2 Bh5 55.Kh1 Bxf4 56.exf4 Qf6 57.Kh2 Kf8 58.Qe1
Qe7 59.Qc3 Kg8 60.Qd2 Kg7 61.Qd3 Qf6 62.Qd7+ Kh6 63.Qc6 Qxc6
64.Bxc6 Bd1 65.Bb5 Bxb3 66.Kg2 Bc2 67.Kf2 Bd3 68.Ba6 Kg7 69.Bb5
Be4 70.Kg1 Kf6 71.Kf2 Bb7 72.Kf1 Ke7 73.Kf2 Kd6 74.Kf1 Bc6 75.Bxc6
Kxc6 76.Ke2 Kd6 77.Kd3 Ke6 1/2-1/2

[Event "Najdorf Memorial"]
[Site "Warsaw POL"]
[Date "2015.07.17"]
[Round "8.13"]
[White "Olszewski, Michal"]
[Black "Krzyzanowski, Marcin"]
[Result "1-0"]
[WhiteElo "2562"]
[BlackElo "2427"]
[Annotator ""]
[Source ""]
[Remark ""]

1.e4 c5 2.Nf3 e6 3.d4 cxd4 4.Nxd4 a6 5.c4 Nf6 6.Nc3 Bb4 7.Bd3
Qc7 8.O-O Nc6 9.Nc2 Bc5 10.Kh1 h5 11.f4 d6 12.b4 Bxb4 13.Nxb4
Nxb4 14.Be2 Bd7 15.Ba3 Qa5 16.Bb2 O-O-O 17.Rb1 Nc6 18.Ba1 Qc7
19.Bd3 h4 20.Qe2 h3 21.g4 Rh4 22.g5 Nh5 23.Qe3 Qa5 24.Be2 Nxf4
25.Bf3 Qc5 26.Qe1 Qxg5 27.Na4 Nd3 28.Qe2 Nc5 29.Qb2 Na5 30.Nxc5
Qxc5 31.Qxg7 e5 32.Bc3 Nxc4 33.Bb4 Qd4 34.Rbc1 Be6 35.Rfd1 Qf2
36.Qg3 Qxg3 37.hxg3 Rh7 38.Bxd6 f6 39.Bg4 Kd7 40.Bb4+ Ke8 41.Rxd8+
Kxd8 42.Bxe6 1-0

[Event "Najdorf Memorial"]
[Site "Warsaw POL"]
[Date "2015.07.17"]
[Round "8.14"]
[White "Nguyen, Piotr"]
[Black "Kveinys, Aloyzas"]
[Result "1/2-1/2"]
[WhiteElo "2273"]
[BlackElo "2497"]
[Annotator ""]
[Source ""]
[Remark ""]

1.Nf3 c5 2.g3 g6 3.Bg2 Bg7 4.c4 Nc6 5.Nc3 d6 6.a3 Nh6 7.d4 cxd4
8.Bxh6 Bxh6 9.Nxd4 Nxd4 10.Qxd4 O-O 11.O-O Bg7 12.Qe3 Be6 13.Nd5
Re8 14.Rad1 Rc8 15.Qxa7 Bxb2 16.Rb1 Ra8 17.Qxb7 Rb8 18.Qa7 Bxd5
19.Bxd5 e6 20.Bb7 Qf6 21.e3 h5 22.h4 Red8 23.Rfd1 Qc3 24.Rxd6
Bxa3 25.Rxd8+ 1/2-1/2

[Event "Najdorf Memorial"]
[Site "Warsaw POL"]
[Date "2015.07.17"]
[Round "8.15"]
[White "Sadzikowski, Daniel"]
[Black "Vydeslaver, Alik"]
[Result "1-0"]
[WhiteElo "2477"]
[BlackElo "2398"]
[Annotator ""]
[Source ""]
[Remark ""]

1.c4 e5 2.g3 Nf6 3.Bg2 c6 4.Nf3 d6 5.O-O Be7 6.Nc3 O-O 7.d3 a5
8.a3 Re8 9.Rb1 Bf8 10.e4 Na6 11.h3 Nc7 12.Re1 c5 13.Bd2 Bd7 14.b4
axb4 15.axb4 b6 16.b5 h6 17.Qc2 Qc8 18.Kh2 Ne6 19.Qb2 g6 20.Ra1
Qb7 21.Reb1 Rxa1 22.Rxa1 Ra8 23.Ra2 Kh7 24.Qa1 Rxa2 25.Qxa2 Nc7
26.Be3 Qa8 27.Qxa8 Nxa8 28.Na4 Ne8 29.Ng1 Be7 30.Ne2 Bd8 31.Bc1
Nec7 32.Nec3 f6 33.h4 g5 34.Bh3 Bxh3 35.Kxh3 Kg6 36.hxg5 hxg5
37.Kg4 Ne6 38.Be3 Ng7 39.Nd5 Ne6 40.Nac3 Ng7 41.Nd1 Ne8 42.Bd2
Kf7 43.N1e3 Be7 44.Kh5 Ng7+ 45.Kh6 Bf8 46.Kh7 Ne6 47.Nf5 Nec7
48.Nc3 Ne6 49.Be3 Nac7 50.Na4 Na8 51.f3 Nd8 52.Nb2 Ne6 53.Nd1
Nac7 54.Nf2 Ne8 55.Ng4 Bg7 56.Ngh6+ Bxh6 57.Nxh6+ Ke7 58.Kg8
Nd8 59.Nf5+ Kd7 60.Bd2 Ne6 61.Bc3 Nd8 62.Ne3 Nc7 63.Kg7 Ke6 64.Kf8
Nb7 65.Nd5 Nxd5 66.cxd5+ Kd7 67.Kf7 Na5 68.Kxf6 Nb3 69.Kxg5 Nc1
70.Kf6 Nxd3 71.Kf7 Nf2 72.g4 Nh3 73.Bd2 1-0

[Event "Najdorf Memorial"]
[Site "Warsaw POL"]
[Date "2015.07.17"]
[Round "8.16"]
[White "Bilguun, Sumiya"]
[Black "Romanishin, Oleg M"]
[Result "1/2-1/2"]
[WhiteElo "2361"]
[BlackElo "2475"]
[Annotator ""]
[Source ""]
[Remark ""]

1.e4 e5 2.Nf3 Nc6 3.Bc4 Nf6 4.d3 Be7 5.O-O O-O 6.Re1 d6 7.c3
Na5 8.Bb5 a6 9.Ba4 b5 10.Bc2 c5 11.Nbd2 Re8 12.Nf1 Bf8 13.d4
cxd4 14.cxd4 exd4 15.Nxd4 g6 16.Ng3 Bg7 17.b3 Ng4 18.Bb2 Qb6
19.Qd2 Ne5 20.Nge2 Bb7 21.Rad1 Rac8 22.Bc3 Nac6 23.Bb1 b4 24.Bb2
Ne7 25.Ng3 a5 26.h3 a4 27.Kh2 a3 28.Ba1 Nd7 29.f4 Nc5 30.Qf2
h5 31.e5 dxe5 32.fxe5 h4 33.Nf1 Nd5 34.Nd2 Rxe5 35.Nc4 Rxe1 36.Rxe1
Qc7+ 37.Kg1 Nc3 38.Bxc3 bxc3 39.Nb5 Qc6 40.Na7 Bd4 41.Nxc6 Bxf2+
42.Kxf2 Rxc6 43.Rc1 Rf6+ 44.Kg1 Re6 45.Kf2 Be4 46.b4 Bxb1 47.bxc5
Bxa2 48.Nxa3 Bd5 49.Rxc3 Rf6+ 50.Kg1 Bc6 51.Nc4 Kf8 52.Ne5 Re6
53.Nxc6 Rxc6 54.Kf2 Ke7 55.Ke3 Ra6 56.Rc2 Kd7 57.Ke4 Re6+ 58.Kd5
Re1 59.Rf2 Rd1+ 60.Ke5 Ke7 61.Rc2 f6+ 62.Ke4 Kd7 63.Rf2 Ke6 64.Rc2
f5+ 65.Ke3 Kd7 66.Kf4 Rd3 67.Kg5 Rg3+ 68.Kxh4 f4 69.Rf2 g5+ 70.Kh5
Kc6 71.Rc2 Kd7 72.Re2 Kc6 73.Re6+ Kd7 74.Rd6+ Kc7 75.Rd2 Kb7
76.Rb2+ Kc7 77.Rc2 Kc6 78.Re2 Kd7 79.Rc2 Kc6 80.h4 gxh4 81.Kxh4
Kd7 82.Re2 Kc6 83.Re6+ Kxc5 84.Rf6 Rxg2 85.Rxf4 1/2-1/2

[Event "Najdorf Memorial"]
[Site "Warsaw POL"]
[Date "2015.07.17"]
[Round "8.17"]
[White "Sunilduth Lyna, Narayanan"]
[Black "Czerwonski, Aleksander"]
[Result "1-0"]
[WhiteElo "2475"]
[BlackElo "2375"]
[Annotator ""]
[Source ""]
[Remark ""]

1.d4 Nf6 2.c4 g6 3.Nf3 Bg7 4.g3 c6 5.Bg2 d5 6.O-O O-O 7.Qa4 dxc4
8.Qxc4 Bf5 9.Nc3 Ne4 10.Qb3 Nd6 11.Re1 Na6 12.e4 Be6 13.Qc2 Qb6
14.Bg5 Rfe8 15.Rad1 Nb4 16.Qb1 Bg4 17.a3 Na6 18.e5 Nc4 19.Qa2
Be6 20.d5 cxd5 21.Nxd5 Bxd5 22.Rxd5 Rac8 23.b3 Na5 24.b4 Nc4
25.e6 fxe6 26.Rd7 Bf6 27.Bh3 Qc6 28.Bxe6+ Kh8 29.Rd3 Nb2 30.Rde3
Nc4 31.b5 Qc5 32.Bxf6+ exf6 33.Bxc4 1-0

[Event "Najdorf Memorial"]
[Site "Warsaw POL"]
[Date "2015.07.17"]
[Round "8.18"]
[White "Nasuta, Grzegorz"]
[Black "Klekowski, Maciej"]
[Result "0-1"]
[WhiteElo "2365"]
[BlackElo "2475"]
[Annotator ""]
[Source ""]
[Remark ""]

1.e4 c5 2.Nf3 Nc6 3.d4 cxd4 4.Nxd4 g6 5.c4 Nf6 6.Nc3 d6 7.Be2
Nxd4 8.Qxd4 Bg7 9.Bg5 O-O 10.Qd2 Be6 11.Rc1 a5 12.b3 a4 13.Bxf6
Bxf6 14.Nxa4 Bd7 15.Nc3 Qa5 16.a4 Bc6 17.Bd3 Bg5 18.f4 Bh6 19.Kd1
e5 20.g3 exf4 21.gxf4 f5 22.Rf1 fxe4 23.Bxe4 Qb4 24.Kc2 Bg7 25.Bd3
Qc5 26.Rce1 d5 27.cxd5 Bxd5 28.Bxg6 Rac8 0-1

[Event "Najdorf Memorial"]
[Site "Warsaw POL"]
[Date "2015.07.17"]
[Round "8.19"]
[White "Mickiewicz, Piotr"]
[Black "Socko, Monika"]
[Result "1-0"]
[WhiteElo "2356"]
[BlackElo "2472"]
[Annotator ""]
[Source ""]
[Remark ""]

1.e4 c6 2.Nf3 d5 3.Nc3 Nf6 4.e5 Ne4 5.Be2 Nxc3 6.dxc3 Bg4 7.h3
Bxf3 8.Bxf3 e6 9.O-O Be7 10.Qe2 Nd7 11.Bf4 Qc7 12.c4 dxc4 13.Qxc4
O-O 14.Rfe1 Rfd8 15.Re2 Nb6 16.Qb3 Nd5 17.Bd2 Bc5 18.Rae1 Rd7
19.c3 Ne7 20.Be4 Ng6 21.Qc2 Rad8 22.Bg5 Be7 23.Bc1 a5 24.g3 Ra8
25.a4 Rb8 26.h4 b5 27.h5 Nf8 28.Bf3 b4 29.Re4 h6 30.Rg4 Kh8 31.Qe4
Nh7 32.Qxc6 Qxc6 33.Bxc6 Rc7 34.Bb5 Bg5 35.Bxg5 Nxg5 36.Re3 bxc3
37.bxc3 Rbc8 38.Ba6 Rd8 39.Bb5 Rd5 40.Kg2 Kg8 41.Rc4 Rxc4 42.Bxc4
Rc5 43.Bb5 Nh7 44.f4 f6 45.c4 Kf7 46.Kf3 Ke7 47.Ke4 fxe5 48.fxe5
Ng5+ 49.Kd4 Rc8 50.Ba6 Rc6 51.Bb5 Rc8 52.Ba6 Rc6 53.Bb7 Rb6 54.Ba8
Kd7 55.Kc5 Kc7 56.Rd3 Ra6 57.Bg2 Nf7 58.Rb3 Nxe5 59.Rb7+ Kc8
60.Rxg7 Nd7+ 61.Kb5 Rb6+ 62.Kxa5 Rb2 63.Bc6 Nc5 64.Bb5 Kb8 65.g4
Nb7+ 66.Kb6 Nd6 67.Rg8+ Nc8+ 68.Kc6 e5 69.c5 e4 70.Ba6 e3 71.Bxc8
Ka7 72.Rg7+ Kb8 73.Ba6 1-0

[Event "Najdorf Memorial"]
[Site "Warsaw POL"]
[Date "2015.07.17"]
[Round "8.20"]
[White "Blahynka, Martin"]
[Black "Janik, Igor"]
[Result "1-0"]
[WhiteElo "2420"]
[BlackElo "2261"]
[Annotator ""]
[Source ""]
[Remark ""]

1.d4 Nf6 2.c4 g6 3.Nc3 Bg7 4.e4 d6 5.Nf3 O-O 6.Be2 Na6 7.O-O
e5 8.Re1 c6 9.Bf1 Qc7 10.Rb1 exd4 11.Nxd4 Nc5 12.b4 Ne6 13.Be3
a5 14.a3 axb4 15.axb4 Bd7 16.f3 Ra3 17.Qd2 Nxd4 18.Bxd4 Be6 19.Qb2
Rfa8 20.c5 Rb3 21.Qf2 dxc5 22.bxc5 Rd8 23.Nd5 cxd5 24.Rxb3 dxe4
25.Rb4 exf3 26.Be5 Qa5 27.Rb5 Qa4 28.Qxf3 Ng4 29.Bxg7 Kxg7 30.Qc3+
Kg8 31.Rxe6 fxe6 32.Rxb7 e5 33.Rb4 Qa5 34.Qc4+ Kh8 35.Qxg4 Qxc5+
36.Kh1 Rf8 37.Rb1 Qc2 38.Rd1 Rf4 39.Qe2 Qf5 40.Kg1 Kg7 41.g3
Rb4 42.Re1 Kf6 43.Bh3 Qg5 44.Qa6+ Kg7 45.Qa7+ Kh6 46.Qc5 Qd2
47.Qf8+ Kg5 48.Rxe5# 1-0

[Event "Najdorf Memorial"]
[Site "Warsaw POL"]
[Date "2015.07.17"]
[Round "8.21"]
[White "Szczepkowska-horowska, Karina"]
[Black "Rozycki, Bartlomiej"]
[Result "1-0"]
[WhiteElo "2392"]
[BlackElo "2198"]
[Annotator ""]
[Source ""]
[Remark ""]

1.d4 Nf6 2.c4 e6 3.Nf3 b6 4.g3 Ba6 5.Qa4 Bb7 6.Bg2 c5 7.dxc5
bxc5 8.Qb3 Qb6 9.Qxb6 axb6 10.Nc3 Be7 11.O-O O-O 12.Bf4 d6 13.Rfd1
Rd8 14.Nb5 Ne8 15.Rd2 e5 16.Bg5 Bxg5 17.Nxg5 Bxg2 18.Kxg2 Nc6
19.e3 Na5 20.Rc1 Nb7 21.b3 h6 22.Ne4 f5 23.Nec3 Kf7 24.Rcd1 Rd7
25.f4 e4 26.g4 g6 27.gxf5 gxf5 28.Kf1 Kf8 29.Rg2 Rg7 30.Rd5 Nf6
31.Rxf5 Rxg2 32.Kxg2 Kg7 33.Nc7 Ra3 34.N7d5 Nxd5 35.Rxd5 Na5
36.Rd2 Nxc4 37.Re2 b5 38.Kf2 b4 39.Nb5 Nb6 40.Nxa3 bxa3 41.Rd2
d5 42.Rc2 c4 43.bxc4 Nxc4 44.Rc3 Kf6 45.Rb3 Ke6 46.Rb8 1-0

[Event "Najdorf Memorial"]
[Site "Warsaw POL"]
[Date "2015.07.17"]
[Round "8.22"]
[White "Bednarek, Sylwester"]
[Black "Hnydiuk, Aleksander"]
[Result "1-0"]
[WhiteElo "2291"]
[BlackElo "2370"]
[Annotator ""]
[Source ""]
[Remark ""]

1.Nf3 d5 2.c4 e6 3.g3 dxc4 4.Qa4+ c6 5.Qxc4 b5 6.Qc2 Bb7 7.Bg2
Nd7 8.O-O Ngf6 9.b3 Be7 10.Bb2 O-O 11.Nc3 a6 12.Ng5 h6 13.Nge4
Qb6 14.Rac1 c5 15.Nxf6+ Bxf6 16.Bxb7 Qxb7 17.d3 Rac8 18.Ne4 Bxb2
19.Qxb2 Qd5 20.a4 c4 21.Nc3 Qe5 22.axb5 axb5 23.d4 Qb8 24.bxc4
bxc4 25.Qxb8 Rxb8 26.Ne4 Rfc8 27.e3 f5 28.Nc3 Nf6 29.f3 Nd5 30.e4
Nb4 31.exf5 exf5 32.Rfd1 Kf7 33.Ra1 Ra8 34.Nb5 Ke7 35.Rab1 Nd5
36.Re1+ Kf6 37.Nd6 Rc6 38.Ne8+ Kg6 39.Rb7 h5 40.Rxg7+ Kh6 41.Rd7
Ra5 42.Nd6 Nf6 43.Re6 Kg6 44.Rf7 1-0